| 000 | 01083nam a22002537a 4500 | ||
|---|---|---|---|
| 999 |
_c6718 _d6718 |
||
| 003 | AR-CdUCM | ||
| 008 | 190319b ||||| |||| 00| 0 spa d | ||
| 040 |
_aMUNICIPALIDAD PROVINCIAL DEL CUSCO _cBIBLIOTECA MUNICIPAL DEL CUSCO |
||
| 041 | _hfre | ||
| 082 |
_a533 / _bD34 |
||
| 100 |
_aDelcroix, J. L. _918905 |
||
| 245 | _aIntroducción a la teoría de los gases ionizados / | ||
| 260 |
_aMadrid : _bAlhambra, _c1968. |
||
| 300 |
_a171 paginas ; _bDiagramas, formulas _c20 cm. |
||
| 440 |
_aColección Exedra ciencia técnica-ingeniería _n23 _918906 |
||
| 500 | _aTitulo original : Introduction ´a la théorie des gaz ionisés | ||
| 505 | _aColisiones elásticas entre dos partículas -- Sección eficaz de colisión elástica -- Resumen de la teoría cinética de los gases -- Nociones generales sobre los gases ionizados -- Teoría de los gases de electrones libres... | ||
| 650 |
_aFísica _92382 |
||
| 650 |
_aCinética de gases _918907 |
||
| 650 |
_aFluidos _918908 |
||
| 700 |
_aVallés Abarca, José Antonio (Traductor) _918909 |
||
| 942 |
_2ddc _cLIBROS |
||
| 945 | _awnts | ||